000 00835nam a22001937a 4500
999 _c9104
_d9104
003 AR-CdUCM
008 190327b ||||| |||| 00| 0 spa d
040 _aMUNICIPALIDAD PROVINCIAL DEL CUSCO
_cBIBLIOTECA MUNICIPAL DEL CUSCO
082 _28ed.
_a445.372 /
_bG7 / 1903
245 _aGramática francesa elemental, según los mejores métodos y con arreglo al programa oficial para uso de los colegios de instrucción primaria y media :
_bEjercicios elementales de francés /
260 _aLima :
_bColville & Co.,
_c1903.
300 _a188 páginas ;
_c20 cm.
505 _aContenido: Gramática de Francés -- Vocabulario - Ejercicios.
650 _aGramática francesa
_916266
650 _aCuaderno de ejercicios - Francés
_925109
650 _aGramática elemental de francés
_925110
942 _2ddc
_cLIBROS
945 _alccs